| 000 | 00440nam a2200193Ia 4500 | ||
|---|---|---|---|
| 008 | 210210b1968 xxu||||| |||| 00| 0 eng d | ||
| 041 | _aeng | ||
| 082 | _a960/70 | ||
| 100 | _aKHANNA (O P) | ||
| 245 | _aEver latest general knowledge | ||
| 260 |
_a _bKhanna Publishers _c1968 |
||
| 300 | _a392 | ||
| 650 | _alatest | ||
| 650 | _aknowledge | ||
| 650 | _ageneral | ||
| 650 | _aEver | ||
| 690 | _aGeneral Knowledge | ||
| 906 | _a002355 | ||
| 999 |
_c121775 _d121775 |
||